[Event "?"]
[Site "Berliner Sommer"]
[Date "1995.??.??"]
[Round "?"]
[White "Bakhtadze Giorgi"]
[Black "Muse, Mladen"]
[Result "0-1"]
[WhiteElo "2275"]
[BlackElo "2445"]

1.e4 Nc6 2.Nf3 d6 3.d4 Nf6 4.Nc3 Bg4 5.d5 Nb8 6.Be2 c6 7.h3 Bxf3 8.Bxf3 g6
9.O-O Bg7 10.Bf4 O-O 11.Qd2 Nbd7 12.Bh6 Bxh6 13.Qxh6 Qb6 14.dxc6 bxc6
15.Rab1 Rab8 16.Be2 d5 17.exd5 cxd5 18.Qd2 e6 19.Rfd1 Rfc8 20.h4 Qb4
21.h5 d4 22.Nb5 Rxb5 23.Bxb5 Qxb5 24.hxg6 hxg6 25.Qxd4 Rxc2 26.Qxa7 Qf5
27.Rdc1 Ne5 28.Rxc2 Qxc2 29.Qb8+ Kg7 30.Rf1 Nd3 31.Qb3 Qxb3 32.axb3 Nd5
33.Rd1 Nc5 34.Ra1 Nxb3 35.Ra3 Nd4 36.Ra7 g5 37.f3 Kg6 38.Rb7 Nc6
39.Kf2 f5 40.Rb5 Kf6 41.Rc5 Ne5 42.Rb5 g4 43.Rb8 gxf3 44.gxf3 Nc6
45.Rc8 Nd4 46.Rc4 Ke5 47.Ra4 Nb6 48.Rb4 Nd7 49.Rc4 Kd5 50.Rc8 Ne5
51.Rd8+ Kc4 52.Rc8+ Nec6 53.Rc7 Kd3 54.Rc8 Kd2 55.Rc7 Ne5 56.b4 Nd3+
57.Kg3 Nxb4 58.Ra7 Nd3 59.Ra4 Ke3 60.Ra6 f4+ 61.Kg2 Ne1+ 62.Kf1 Nexf3
63.Ra3+ Ke4 64.Kf2 Ne5 65.Ra4 Nd3+ 66.Kf1 e5 67.Rc4 Ke3 0-1

[Event "?"]
[Site "Berliner Sommer"]
[Date "1995.??.??"]
[Round "?"]
[White "Teske, Henrik"]
[Black "Dgebuadze, Alexandre"]
[Result "1-0"]
[WhiteElo "2500"]
[BlackElo "2435"]

1.d4 e6 2.c4 d5 3.Nf3 Nf6 4.g3 dxc4 5.Bg2 Nc6 6.Qa4 Bb4+ 7.Bd2 Nd5
8.Bxb4 Ndxb4 9.a3 b5 10.Qxb5 Nc2+ 11.Kd2 Nxa1 12.Qxc6+ Bd7 13.Qxc4 c5
14.Qa2 cxd4 15.Qxa1 Rc8 16.b4 Bc6 17.Rc1 O-O 18.Qb2 Qf6 19.Ke1 e5
20.Rc5 Rfe8 21.Nbd2 Bb7 22.Kf1 Rcd8 23.Ne1 e4 24.Nc4 Qh6 25.h4 Qf6
26.e3 h6 27.exd4 Rxd4 28.Ne3 Red8 29.Kg1 Bc8 30.N3c2 Rd1 31.Qxf6 gxf6
32.Bxe4 Re8 33.Kg2 Kg7 34.Nf3 Bd7 35.Ne3 Ra1 36.Bf5 Ba4 37.Ra5 Bb3
38.Rxa7 Ra2 39.Kg1 h5 40.Nd4 Ra1+ 41.Kg2 Ba2 42.b5 1-0

[Event "?"]
[Site "Berliner Sommer"]
[Date "1995.??.??"]
[Round "?"]
[White "Shipov, Sergei"]
[Black "Kacheishvili, Giorgi"]
[Result "1/2-1/2"]
[WhiteElo "2510"]
[BlackElo "2450"]

1.d4 Nf6 2.c4 e6 3.Nf3 d5 4.g3 dxc4 5.Bg2 Nc6 6.Qa4 Bd7 7.Qxc4 Na5
8.Qd3 c5 9.Ne5 Nc6 10.O-O cxd4 11.Bf4 Bc5 12.Nd2 O-O 13.Rac1 Bb6
14.Ndc4 Nd5 15.Rfd1 Nxf4 16.gxf4 Nxe5 17.Nxe5 Rb8 18.e3 Be8 19.exd4 f6
20.Nc4 Bc7 21.f5 exf5 22.Qxf5 Bg6 23.Qf3 Re8 24.d5 b5 1/2-1/2

[Event "?"]
[Site "Berliner Sommer"]
[Date "1995.??.??"]
[Round "?"]
[White "Danner, Georg"]
[Black "Bunzmann Dimitrij"]
[Result "1-0"]
[WhiteElo "2415"]
[BlackElo "2185"]

1.d4 Nf6 2.Nf3 e6 3.e3 b6 4.Bd3 Bb7 5.Nbd2 c5 6.O-O Nc6 7.c3 Be7 8.a3 O-O
9.e4 cxd4 10.cxd4 d6 11.Qe2 e5 12.d5 Nb8 13.b4 Nbd7 14.Nc4 Qc7
15.Bb2 Rac8 16.Rac1 Qb8 17.g3 Ne8 18.Ne3 g6 19.Bb5 Ndf6 20.Nd2 Ng7
21.Bc6 Rc7 22.f4 exf4 23.gxf4 Qc8 24.b5 Nd7 25.Ndc4 Nc5 26.Ng4 Qd8
27.Rcd1 Bc8 28.Nh6+ Kh8 29.e5 Rxc6 30.bxc6 f6 31.e6 Qc7 32.Rf3 Ba6
33.Nf7+ Kg8 34.f5 gxf5 35.Rg3 Rxf7 36.exf7+ Kxf7 37.Rd4 Qc8 38.Rxg7+ 1-0

[Event "?"]
[Site "Berliner Sommer"]
[Date "1995.??.??"]
[Round "?"]
[White "Gase, Roland"]
[Black "Macgilchrist, Sigrun"]
[Result "1/2-1/2"]
[WhiteElo "1890"]
[BlackElo "2145"]

1.e4 e5 2.Nf3 Nc6 3.Bc4 Be7 4.c3 Nf6 5.d4 d6 6.Qc2 exd4 7.Nxd4 Ne5
8.Bb3 Bg4 9.f3 c5 10.fxg4 cxd4 11.cxd4 Nexg4 12.h3 Nh6 13.Ba4+ Nd7
14.Nc3 Bh4+ 15.Ke2 O-O 16.Bf4 Nb6 17.Bb3 Rc8 18.Qd3 Bg5 19.g3 Bxf4
20.gxf4 Qh4 21.Raf1 Rce8 22.Kd2 Re7 23.Rhg1 Kh8 24.Qf3 Qf6 25.e5 dxe5
26.fxe5 Qxf3 27.Rxf3 g6 28.e6 Nf5 29.Rxf5 gxf5 30.exf7 Rfxf7 31.Bxf7 Rxf7
32.b3 h6 33.Ke3 Rc7 34.Kd3 Rg7 35.Rxg7 1/2-1/2

[Event "?"]
[Site "Berliner Sommer"]
[Date "1995.??.??"]
[Round "?"]
[White "Baginskaite, Kamile"]
[Black "Gnegel, Boris-Igor"]
[Result "1-0"]
[WhiteElo "2240"]
[BlackElo "2010"]

1.d4 Nf6 2.c4 e6 3.Nc3 Bb4 4.e3 O-O 5.Bd3 d5 6.Nf3 c5 7.O-O Nc6 8.a3 Bxc3
9.bxc3 dxc4 10.Bxc4 Qc7 11.Bb2 e5 12.Rc1 e4 13.Nd2 Na5 14.Be2 c4 15.a4 a6
16.Ba3 Re8 17.Bb4 b5 18.Ra1 Be6 19.Bxa5 Qxa5 20.axb5 Qxb5 21.Qc2 Qc6
22.Ra4 Nd5 23.Rxc4 Nxe3 24.fxe3 Bxc4 25.Bxc4 Re7 26.Qb3 Rf8 27.Bd5 Qg6
28.Rf4 Kh8 29.Bxe4 Qg5 30.h4 Qg3 31.Nf1 Qe1 32.Qb4 Ree8 33.d5 g5 1-0

[Event "?"]
[Site "Berliner Sommer"]
[Date "1995.??.??"]
[Round "?"]
[White "Prange, Stefan"]
[Black "Heinig, Wolfram Dr."]
[Result "0-1"]
[WhiteElo "2055"]
[BlackElo "2325"]

1.d4 Nf6 2.c4 d6 3.Nc3 Nbd7 4.e4 e5 5.Nf3 g6 6.Be2 Bg7 7.O-O O-O 8.Be3 Ng4
9.Bg5 f6 10.Bc1 Nh6 11.Qc2 c6 12.Rd1 Qe7 13.b4 f5 14.c5 dxc5 15.bxc5 exd4
16.Nxd4 Nf6 17.Bf3 fxe4 18.Nxe4 Nxe4 19.Bxe4 Ng4 20.f3 Bxd4+ 21.Rxd4 Qe5
22.Qd2 Qxh2+ 23.Kf1 Qh1+ 24.Ke2 Qxg2+ 25.Kd1 Qxd2+ 26.Rxd2 Ne5 27.Ke2 Bf5
28.Rd4 Rae8 29.Bh6 Nxf3 30.Kxf3 Bxe4+ 31.Kg3 Rf5 32.Kg4 0-1

[Event "?"]
[Site "Berliner Sommer"]
[Date "1995.??.??"]
[Round "?"]
[White "Guth, Thomas"]
[Black "Hoppe, Frank"]
[Result "0-1"]
[WhiteElo "2245"]
[BlackElo "1905"]

1.e4 e5 2.Bc4 Nf6 3.d3 Nc6 4.Nf3 Be7 5.O-O O-O 6.c3 d5 7.exd5 Nxd5
8.Qe1 Bf6 9.Qe4 Nde7 10.Bg5 Bf5 11.Qe3 Ng6 12.Bxf6 Qxf6 13.Nbd2 Rad8
14.Ne4 Bxe4 15.dxe4 Na5 16.Bd5 c6 17.Bb3 Nxb3 18.axb3 a6 19.Rfd1 Rd6
20.Qb6 Rfd8 21.Rxd6 Qxd6 22.g3 Rd7 23.Qe3 h6 24.Kf1 Qe6 25.c4 Qd6
26.Ke2 Nf8 27.c5 Qe7 28.Qc3 Ne6 29.b4 Nd4+ 30.Nxd4 Rxd4 31.Ke3 Qd7
32.f4 f5 33.fxe5 Rxe4+ 34.Kf2 Kf7 35.b5 cxb5 36.c6 Qxc6 37.Qxc6 bxc6
38.Rxa6 Rc4 39.b3 Rc2+ 40.Ke3 Ke6 41.Kd4 g5 42.h4 f4 43.gxf4 gxf4
44.Ke4 f3 45.Kxf3 Kxe5 46.Kg4 Kd5 47.Kh5 Rb2 48.Kxh6 Rxb3 49.h5 Rg3
50.Kh7 b4 51.h6 b3 52.Rb6 Kc5 53.Rb8 Kc4 54.Kh8 c5 55.h7 Rh3 56.Kg7 Kc3
57.h8=Q Rxh8 58.Kxh8 c4 59.Kg7 Kc2 60.Kf6 c3 61.Ke5 Kb2 0-1

[Event "?"]
[Site "Berliner Sommer"]
[Date "1995.??.??"]
[Round "?"]
[White "Zoler, Dan-Robert"]
[Black "Rahls, Peter"]
[Result "1/2-1/2"]
[WhiteElo "2415"]
[BlackElo "2190"]

1.d4 c5 2.d5 e5 3.e4 d6 4.a4 a6 5.Na3 Nf6 6.Bd3 Be7 7.Ne2 O-O 8.Nc4 Nbd7
9.Ng3 g6 10.Bd2 Ne8 11.Qc1 Ng7 12.O-O f5 13.f4 exf4 14.Bxf4 Nb6
15.Nxb6 Qxb6 16.a5 Qd8 17.exf5 Nxf5 18.Nxf5 Bxf5 19.Bxf5 Rxf5 20.Qe3 Qd7
21.Rae1 Bf6 22.c3 Be5 23.Bh6 Re8 24.Qd2 Qe7 25.Rxf5 gxf5 26.Rf1 Qh4
27.g3 Qh5 28.Rf2 Kf7 29.Kg2 Kg6 30.Bf4 Qg4 31.h3 Bxf4 32.hxg4 Bxd2
33.gxf5+ Kg5 34.Rxd2 Kxf5 35.Kf3 h5 36.Rf2 Kg5 37.b4 Rc8 38.Re2 cxb4
39.cxb4 Rc3+ 40.Kg2 Rc4 41.Re6 Rxb4 42.Rxd6 Rb5 43.Rd7 Rxa5 44.Rxb7 Rxd5
45.Ra7 a5 46.Kf3 Kf5 47.Ra8 Rc5 48.Ra6 Ke5 49.Ke3 Kd5 50.Kd3 Rb5
51.Rh6 Rb3+ 52.Kc2 1/2-1/2

[Event "?"]
[Site "Berliner Sommer"]
[Date "1995.??.??"]
[Round "?"]
[White "Kuehn, Bodo"]
[Black "Mantau, Jan"]
[Result "0-1"]
[WhiteElo "1840"]
[BlackElo "2060"]

1.e4 c5 2.Nf3 e6 3.d4 cxd4 4.Nxd4 Nf6 5.Nc3 d6 6.Bb5+ Bd7 7.Bxd7+ Qxd7
8.O-O Be7 9.f4 O-O 10.f5 Nc6 11.fxe6 fxe6 12.Be3 Ne5 13.h3 Nc4
14.Qe2 Rac8 15.Bc1 Bd8 16.Kh1 Bb6 17.Nb3 a6 18.Nd1 Qc6 19.Nc3 Qc7
20.Na4 Nxe4 21.Rxf8+ Rxf8 22.Qe1 Rf1+ 0-1

[Event "?"]
[Site "Berliner Sommer"]
[Date "1995.??.??"]
[Round "?"]
[White "Lachmann Utz"]
[Black "Yemelin, Vasily"]
[Result "0-1"]
[WhiteElo "2105"]
[BlackElo "2500"]

1.e4 c5 2.Nc3 e6 3.g3 d5 4.d3 d4 5.Nce2 Nc6 6.Bg2 Bd6 7.f4 f6 8.Nf3 Nge7
9.O-O e5 10.c4 Rb8 11.Bd2 O-O 12.fxe5 Nxe5 13.Nxe5 Bxe5 14.b4 Bd6
15.bxc5 Bxc5 16.Rb1 Nc6 17.Bf4 Ne5 18.Nc1 Qe7 19.Bxe5 fxe5 20.Rxf8+ Kxf8
21.Nb3 Bd6 22.Qh5 g6 23.Qh6+ Qg7 24.Qg5 Be7 25.Qd2 b6 26.Qe2 Kg8
27.Bf3 h5 28.Nd2 Bd7 29.Qd1 Rf8 30.Qe2 Bg5 31.Rf1 Qh6 32.Nb3 Be3+
33.Kh1 h4 34.gxh4 Rf4 35.h5 Bh3 36.Bg2 Bg4 37.Qe1 Qxh5 38.Rxf4 exf4
39.Qb4 f3 40.Bf1 Bf4 0-1

[Event "?"]
[Site "Berliner Sommer"]
[Date "1995.??.??"]
[Round "?"]
[White "Fiedler, Wolfgang"]
[Black "Schoeneberg, Guenter"]
[Result "1-0"]
[WhiteElo "1965"]
[BlackElo "1705"]

1.c4 Nf6 2.g3 g6 3.b3 Bg7 4.Bb2 O-O 5.Bg2 c5 6.Nf3 Nc6 7.O-O d6 8.d4 Ne4
9.Qc2 f5 10.e3 Qc7 11.d5 Nb4 12.Qe2 Nf6 13.a3 Na6 14.Nc3 Bd7 15.Rad1 Rae8
16.Rfe1 Qb8 17.Qc2 Nc7 18.Ne2 Ne4 19.Bxg7 Kxg7 20.Nd2 Ng5 21.h4 Nf7
22.Nf4 Qc8 23.e4 Kg8 24.Nf1 Ne5 25.Ne3 Ng4 26.exf5 Nxe3 27.Rxe3 Bxf5
28.Be4 Bxe4 29.Rxe4 Qf5 30.Qe2 Qf6 31.Re1 Rf7 32.Ne6 Nxe6 33.Rxe6 Qc3
34.Rxd6 Ref8 35.Rd7 Qd4 36.Qe3 e5 37.dxe6 Rxd7 38.exd7 Qxd7 39.Qxc5 b6
40.Qd5+ Qxd5 41.cxd5 Rd8 42.Rd1 Kf7 43.g4 Rd6 44.f4 Kf6 45.Kf2 h5
46.Kf3 a6 47.gxh5 gxh5 48.Ke4 Rd8 49.d6 Ke6 50.d7 1-0

[Event "?"]
[Site "Berliner Sommer"]
[Date "1995.??.??"]
[Round "?"]
[White "Ossenbruegen, Lars"]
[Black "Drill, Frank"]
[Result "1/2-1/2"]
[WhiteElo "1935"]
[BlackElo "2140"]

1.b3 d5 2.e3 Nf6 3.f4 Bg4 4.Be2 Bxe2 5.Qxe2 c6 6.Nf3 e6 7.Bb2 Bd6
8.d3 Nbd7 9.Nbd2 Qc7 10.d4 O-O 11.O-O c5 12.c4 Rae8 13.Ne5 Nb8 14.Rac1 b6
15.Rf3 Nc6 16.Rg3 Be7 17.Ng4 cxd4 18.cxd5 Nxd5 19.Ne5 1/2-1/2

[Event "?"]
[Site "Berliner Sommer"]
[Date "1995.??.??"]
[Round "?"]
[White "Linde Wolfgang"]
[Black "Lomineishvili, Maia"]
[Result "1/2-1/2"]
[WhiteElo "2080"]
[BlackElo "2295"]

1.c4 Nf6 2.Nc3 e6 3.e4 d5 4.e5 Ne4 5.Qc2 Nxc3 6.bxc3 c5 7.d4 Nc6
8.Nf3 cxd4 9.cxd4 dxc4 10.Bxc4 Nxd4 11.Nxd4 Qxd4 12.O-O Bd7 13.Rd1 Qxe5
14.Bb2 Qc7 15.Rac1 Bc6 16.Bb5 Rc8 17.Qc3 Rd8 1/2-1/2

[Event "?"]
[Site "Berliner Sommer"]
[Date "1995.??.??"]
[Round "?"]
[White "Mira, Helene"]
[Black "Schulz, Rainer"]
[Result "1-0"]
[WhiteElo "2070"]
[BlackElo "2265"]

1.d4 Nf6 2.c4 e6 3.Nc3 Bb4 4.e3 O-O 5.Bd3 b6 6.Nge2 Bb7 7.O-O d5
8.cxd5 exd5 9.Ng3 g6 10.a3 Bd6 11.Re1 Re8 12.f3 c5 13.dxc5 bxc5
14.Bb5 Nc6 15.Nxd5 Nxd5 16.Qxd5 Qc7 17.Bc4 Bxg3 18.hxg3 Qxg3 19.Bd2 Qe5 1-0

[Event "?"]
[Site "Berliner Sommer"]
[Date "1995.??.??"]
[Round "?"]
[White "Suhl, Dirk"]
[Black "Schumacher, Gerhard"]
[Result "1-0"]
[WhiteElo "2220"]
[BlackElo "1815"]

1.d4 Nf6 2.Nf3 d6 3.Nc3 Nbd7 4.e4 e5 5.Bc4 Be7 6.O-O O-O 7.Qe2 c6 8.a4 a5
9.h3 Qc7 10.Be3 b6 11.d5 Bb7 12.dxc6 Bxc6 13.Bg5 Nc5 14.Bxf6 Bxf6
15.Bd5 Rac8 16.Bxc6 Qxc6 17.Rfd1 Rfd8 18.Nd5 Nxa4 19.Nxf6+ gxf6
20.Nh4 Nc5 21.Qg4+ Kh8 22.Nf5 Ne6 23.Nh6 Rc7 24.Rd3 Ng5 25.Qf5 Kg7
26.Rg3 Qd7 27.Rxg5+ fxg5 28.Qxg5+ Kh8 29.Qf6# 1-0

[Event "?"]
[Site "Berliner Sommer"]
[Date "1995.??.??"]
[Round "?"]
[White "Dgebuadze, Alexandre"]
[Black "Darnstaedt, Frank"]
[Result "1-0"]
[WhiteElo "2435"]
[BlackElo "2300"]

1.e4 c5 2.Nf3 Nc6 3.d4 cxd4 4.Nxd4 Nf6 5.Nc3 e5 6.Ndb5 d6 7.Bg5 a6
8.Na3 b5 9.Nd5 Qa5+ 10.Bd2 Qd8 11.c4 Nxe4 12.cxb5 Be6 13.Bc4 Ne7
14.Be3 Nc5 15.O-O Nc8 16.b4 axb5 17.Nxb5 Na6 18.Qa4 1-0

[Event "?"]
[Site "Berliner Sommer"]
[Date "1995.??.??"]
[Round "?"]
[White "Ivanov, Sergey"]
[Black "Velikhanli, Firuza"]
[Result "1-0"]
[WhiteElo "2445"]
[BlackElo "2355"]

1.d4 Nf6 2.c4 g6 3.Nc3 Bg7 4.e4 d6 5.Be2 O-O 6.Bg5 h6 7.Be3 e5 8.d5 Nbd7
9.Qd2 Kh7 10.g4 Nc5 11.f3 a5 12.O-O-O Ne8 13.h4 f5 14.exf5 gxf5 15.g5 f4
16.Bxc5 dxc5 17.Bd3+ Bf5 18.Bxf5+ Rxf5 19.Ne4 Nd6 20.Qc2 Nxe4 21.Qxe4 Qd7
22.Nh3 Raf8 23.gxh6 Bxh6 24.Rdg1 c6 25.Ng5+ Kh8 26.Ne6 R8f6 27.Rg4 Qh7
28.Rhg1 Rh5 29.Qe2 e4 30.Qg2 Qf7 31.Rg8+ Kh7 32.Nd8 exf3 33.Rh8+ 1-0

[Event "?"]
[Site "Berliner Sommer"]
[Date "1995.??.??"]
[Round "?"]
[White "Todor, Razvan"]
[Black "Hoppe Frank"]
[Result "1-0"]
[WhiteElo "2115"]
[BlackElo "1950"]

1.c4 Nf6 2.Nf3 c5 3.Nc3 Nc6 4.g3 d6 5.Bg2 Bd7 6.d4 cxd4 7.Nxd4 Rc8
8.Nc2 g6 9.O-O Bg7 10.Rb1 O-O 11.h3 b6 12.b3 a6 13.Bb2 Qc7 14.Ne3 Be6
15.Rc1 Qd7 16.Kh2 Rfd8 17.f4 Nd4 18.Na4 Nf5 19.Nxf5 gxf5 20.Nxb6 Qc7
21.Nxc8 Ng4+ 22.hxg4 Bxb2 23.Rc2 Bg7 24.Nxe7+ Qxe7 25.g5 h6 26.gxh6 Bxh6
27.Qd4 Kh7 28.Rd2 Bg7 29.Qd3 Kg6 30.Bf3 Rh8+ 31.Kg2 Bf6 32.e4 fxe4
33.Bxe4+ Kg7 34.f5 Bc8 35.Rf4 Be5 36.Rg4+ Kf8 37.c5 Qc7 38.cxd6 Qc1
39.Rd1 Qb2+ 40.Qc2 1-0

[Event "?"]
[Site "Berliner Sommer"]
[Date "1995.??.??"]
[Round "?"]
[White "Impris, Oleg"]
[Black "Chernyshov, Konstantin"]
[Result "0-1"]
[WhiteElo "2375"]
[BlackElo "2505"]

1.d4 Nf6 2.c4 e6 3.g3 d5 4.Bg2 c6 5.Nf3 Nbd7 6.O-O Bd6 7.Qc2 O-O 8.Nc3 Re8
9.Rd1 Qe7 10.Nh4 Nf8 11.Bg5 h6 12.Bxf6 gxf6 13.e4 dxc4 14.Qe2 Ng6
15.e5 fxe5 16.Nxg6 fxg6 17.dxe5 Bc7 18.Rd4 Kh8 19.h4 Qg7 20.Re1 Bd7
21.h5 g5 22.Rxc4 Rf8 23.Ne4 Bxe5 24.Nxg5 Bd4 25.Nf3 Bb6 26.Bh3 Qxg3+
27.Bg2 Qg7 28.Kh1 Be8 29.Rh4 Rf5 30.Qxe6 Bd7 31.Qg6 Bxf2 32.Qxg7+ Kxg7
33.Re7+ Kf6 34.Rxd7 Bxh4 35.Nxh4 Rxh5 36.Rd4 Kg5 0-1

[Event "?"]
[Site "Berliner Sommer"]
[Date "1995.??.??"]
[Round "?"]
[White "Titzhoff, Frank"]
[Black "Koch, Thomas"]
[Result "0-1"]
[WhiteElo "2165"]
[BlackElo "2350"]

1.d4 Nf6 2.c4 e6 3.Nf3 b6 4.g3 Ba6 5.Nbd2 Bb7 6.Bg2 c5 7.O-O cxd4
8.Nxd4 Bxg2 9.Kxg2 Nc6 10.N2f3 Nxd4 11.Nxd4 Qc7 12.b3 Be7 13.Bb2 O-O
14.Qd3 Qb7+ 15.Kg1 Rfd8 16.Rac1 a6 17.Rfd1 Ne4 18.Qf3 b5 19.Qg4 Ng5
20.f3 f5 21.Qh5 Rac8 22.c5 g6 23.Qh6 Nf7 24.Qd2 e5 25.Nc2 Bxc5+ 26.Kg2 d5
27.Ne1 Qb6 28.Nd3 Be3 29.Rxc8 Rxc8 30.Qb4 a5 31.Qe1 Qc7 32.Bc1 Bb6
33.Bd2 b4 34.Rc1 Qd7 35.Qd1 g5 36.Bxg5 Nxg5 37.Nxe5 Rxc1 38.Qxc1 Qd8
39.Nd7 Qe7 40.e4 Bd8 41.Qc6 dxe4 42.Qd5+ Qe6 43.fxe4 fxe4 44.Qxe6+ Nxe6
45.Kf2 Nc5 46.Nxc5 Bb6 47.Ke3 Bxc5+ 48.Kxe4 Kf7 49.Kd5 Be7 50.Ke5 Kg6
51.Ke6 Bg5 52.Ke5 Be3 53.Ke4 Bg1 54.h3 Kg5 55.Kf3 Bb6 56.Ke4 Bc7
57.Kf3 Kf5 58.h4 h5 0-1

[Event "?"]
[Site "Berliner Sommer"]
[Date "1995.??.??"]
[Round "?"]
[White "Sergeev, Vladimir"]
[Black "Loginov, Valery A"]
[Result "1-0"]
[WhiteElo "2415"]
[BlackElo "2525"]

1.d4 Nf6 2.Nf3 e6 3.Bg5 h6 4.Bh4 b6 5.e3 Bb7 6.Nbd2 c5 7.c3 cxd4
8.exd4 Be7 9.Bxf6 gxf6 10.g3 Qc7 11.Bg2 f5 12.Qe2 d6 13.c4 d5
14.cxd5 Bxd5 15.O-O Nd7 16.Rac1 Qb7 17.Nb1 Rc8 18.Rxc8+ Qxc8 19.Qe3 Qc2
20.Nc3 Bc4 21.Rb1 f4 22.Qxf4 Bxa2 23.Rc1 Qxb2 24.Nxa2 Qxa2 25.Rc8+ Bd8
26.Qc7 Ke7 27.Rxd8 Rxd8 28.Ne5 Qa1+ 29.Bf1 Rf8 30.Nxd7 Qxd4 31.Nxb6+ Kf6
32.Nd7+ Kg7 33.Nxf8 Kxf8 34.Be2 Qa1+ 35.Kg2 Qd4 36.Bh5 Qd5+ 37.Bf3 Qd4
38.Qb7 Qc5 39.Qc6 Qxc6 40.Bxc6 Ke7 41.Kf3 f5 42.Ba4 Kf6 43.Bb3 a5
44.h3 e5 45.Ke3 Kg5 46.Bd1 Kf6 47.f4 Ke6 48.fxe5 Kxe5 49.Bb3 Kf6
50.Kf4 Kg6 51.Bc2 Kf6 52.h4 1-0

[Event "?"]
[Site "Berliner Sommer"]
[Date "1995.??.??"]
[Round "?"]
[White "Wahls, Matthias"]
[Black "Teske, Henrik"]
[Result "1-0"]
[WhiteElo "2550"]
[BlackElo "2500"]

1.e4 e6 2.d4 d5 3.Nd2 dxe4 4.Nxe4 Nd7 5.g3 Ngf6 6.Nxf6+ Nxf6 7.Bg2 c5
8.Nf3 Qa5+ 9.c3 Be7 10.dxc5 Qxc5 11.Be3 Qa5 12.O-O O-O 13.Bd4 Rd8
14.Qc2 Bd7 15.Ne5 Qa6 16.a4 Bc6 17.Nxc6 bxc6 18.b4 Rac8 19.Rfb1 Nd5
20.Be4 g6 21.b5 Qa5 22.c4 Bb4 23.Rb3 c5 24.Be5 Ne7 25.Bb7 Rd2 26.Qe4 Rcd8
27.Qh4 Kf8 28.Qxh7 Rd1+ 29.Rxd1 Rxd1+ 30.Kg2 Qd8 31.Bf6 Ke8 32.Bc6+ Nxc6
33.Qg8+ Kd7 34.bxc6+ 1-0

[Event "?"]
[Site "Berliner Sommer"]
[Date "1995.??.??"]
[Round "?"]
[White "Pedersen, Jan"]
[Black "Huss Rolf"]
[Result "0-1"]
[WhiteElo "2330"]
[BlackElo "2215"]

1.e4 Nf6 2.Nc3 d5 3.e5 Ne4 4.d3 Nxc3 5.bxc3 c5 6.f4 Nc6 7.g3 g5 8.Qh5 h6
9.fxg5 Nxe5 10.gxh6 Ng4 11.Bg2 Be6 12.Bh3 Bxh6 13.Bxg4 Bg7 14.Qg5 Bf6
15.Qd2 Bxg4 16.Bb2 Qb6 17.Rb1 d4 18.Qf4 Qc6 19.Qe4 Qxe4+ 20.dxe4 dxc3
21.Bc1 Bd4 22.h4 O-O-O 23.Ne2 Bf3 24.Rh2 Bxe4 25.Nxd4 cxd4 26.Rb4 e5
27.h5 Rdg8 28.Re2 f5 0-1

[Event "?"]
[Site "Berliner Sommer"]
[Date "1995.??.??"]
[Round "?"]
[White "Heinbuch, Detlef"]
[Black "Novikov, Igor A"]
[Result "0-1"]
[WhiteElo "2355"]
[BlackElo "2580"]

1.c4 e6 2.b3 d5 3.Bb2 Nf6 4.Nf3 Be7 5.e3 O-O 6.Be2 c5 7.O-O Nc6 8.d3 d4
9.e4 e5 10.Ne1 Ne8 11.Bc1 Nd6 12.Bf3 Be6 13.g3 Qd7 14.Bg2 f5 15.exf5 Bxf5
16.Nd2 Rae8 17.Ne4 Nxe4 18.dxe4 Bh3 19.Nd3 Bd6 20.Bd2 Rf6 21.Qe2 Ref8
22.f3 h6 23.f4 exf4 24.gxf4 Rg6 25.Rf2 Ne5 26.f5 Rxg2+ 27.Rxg2 Bxg2
28.Kxg2 Qc6 29.Nxe5 Bxe5 30.Rf1 Re8 31.Qd3 Qd6 32.h3 Kh7 33.Kh1 Qc6
34.Re1 Bc7 35.Re2 Qf6 36.Qf3 Re7 37.Bf4 d3 38.Rd2 Qh4 39.Be3 Rd7
40.Kg2 b6 41.Qg4 Qf6 42.Kf3 Be5 43.h4 g6 44.Qxg6+ Qxg6 45.fxg6+ Kxg6
46.Kg4 h5+ 47.Kf3 Bf6 48.Rh2 Kf7 49.Rh1 Ke6 50.Bd2 Bd4 51.Bf4 Rf7
52.Kg3 Be5 53.Bxe5 Kxe5 54.Re1 Kd4 0-1

[Event "?"]
[Site "Berliner Sommer"]
[Date "1995.??.??"]
[Round "?"]
[White "Soffer, Ram"]
[Black "Korotylev, Alexey"]
[Result "1-0"]
[WhiteElo "2530"]
[BlackElo "2450"]

1.d4 g6 2.e4 Bg7 3.c3 d6 4.Bd3 Nf6 5.f4 e5 6.Nf3 exd4 7.cxd4 O-O 8.O-O c5
9.dxc5 dxc5 10.e5 Nd5 11.Be4 Be6 12.Ng5 Nc6 13.Nxe6 fxe6 14.Nc3 Nd4
15.Bxd5 exd5 16.Be3 Qb6 17.Nxd5 Qxb2 18.Rf2 Qa3 19.Bxd4 cxd4 20.Qxd4 Rfd8
21.Rd1 Rac8 22.Rfd2 Kh8 23.Qe3 Qa5 24.h4 Rf8 25.e6 Rfe8 26.e7 Qc5
27.Qxc5 Rxc5 28.g4 Kg8 29.Kf2 Kf7 30.Re2 Rc6 31.Kf3 Rd6 32.g5 Rc6
33.f5 gxf5 34.Kf4 Rc4+ 35.Kxf5 Rxh4 36.Rf1 Rd4 37.g6+ Kg8 38.gxh7+ Kh8
39.Nc7 Rxe7 40.Rxe7 1-0

[Event "?"]
[Site "Berliner Sommer"]
[Date "1995.??.??"]
[Round "?"]
[White "Movsziszian, Karen"]
[Black "Dizdar, Goran"]
[Result "1/2-1/2"]
[WhiteElo "2440"]
[BlackElo "2535"]

1.g3 d5 2.Bg2 e5 3.d3 Nf6 4.Nf3 Nbd7 5.O-O c6 6.c4 dxc4 7.dxc4 Bc5
8.Nc3 O-O 9.Qc2 Re8 10.e3 Bf8 11.h3 a5 12.b3 Nc5 13.Rd1 Qc7 14.Rb1 g6
15.Ne1 Bf5 16.e4 Be6 17.Bb2 Nfd7 18.Nd5 Qb8 19.Ne3 Rd8 20.Rd2 f6
21.Rbd1 Qc7 22.h4 Be7 23.Nd5 cxd5 24.cxd5 Nf8 25.dxe6 Ncxe6 26.Qxc7 Nxc7
27.Nc2 Nfe6 28.Ne3 Rxd2 29.Rxd2 Rd8 30.Rc2 Kf7 31.Bf1 Bc5 32.Nc4 b6
33.Kg2 Ke7 34.Ba3 Bxa3 35.Nxa3 Rd6 36.Nc4 Rc6 37.Rd2 Ne8 38.Ne3 Nd6
39.Nd5+ Kf7 40.f3 Nd4 41.Bd3 Ke6 42.b4 axb4 43.Nxb4 Rc1 44.a4 Ra1
45.Ra2 Rxa2+ 1/2-1/2

[Event "?"]
[Site "Berliner Sommer"]
[Date "1995.??.??"]
[Round "?"]
[White "Hantusch, Ralf"]
[Black "Rahn, Manfred"]
[Result "1-0"]
[WhiteElo "1860"]
[BlackElo "1605"]

1.d4 d5 2.Nf3 Nf6 3.g3 g6 4.Bg2 Bg7 5.c4 O-O 6.Nc3 c6 7.O-O Bf5 8.Qb3 Qb6
9.Ne5 Qxb3 10.axb3 dxc4 11.bxc4 Nbd7 12.Nxd7 Bxd7 13.e4 Rfd8 14.e5 Ne8
15.f4 Bf5 16.Rd1 e6 17.Be3 Nc7 18.d5 exd5 19.cxd5 cxd5 20.Nxd5 Nxd5
21.Rxd5 Rdc8 22.Rda5 Rc2 23.Bd4 Rd8 24.Bc3 Bf8 25.Bxb7 Rb8 26.Bd5 Be7
27.Rd1 Bd8 28.Raa1 Bb6+ 29.Kh1 Rd8 30.Bf3 Rc8 31.Rac1 Rf2 32.Bg2 Be3
33.Ra1 h6 34.h3 g5 35.g4 Be6 36.f5 Bc4 37.Re1 Bc5 38.e6 fxe6 39.fxe6 Re8
40.e7 a6 41.Rad1 Rxe7 42.Rxe7 Bxe7 43.Bd5+ Bxd5+ 44.Rxd5 Kf7 45.Kg1 Re2
46.Rf5+ Ke6 47.Ra5 Kf7 48.Rxa6 Bc5+ 49.Kf1 Re6 50.Rxe6 Kxe6 51.Ke2 Kd5
52.Bg7 Ke4 53.Bxh6 Kf4 54.h4 Kxg4 55.hxg5 Kf5 56.Kd3 Kg6 57.Kc4 Bg1
58.b4 Kf7 59.Kd5 Bh2 60.Kc6 1-0

[Event "?"]
[Site "Berliner Sommer"]
[Date "1995.??.??"]
[Round "?"]
[White "Poluljahov, Aleksandr"]
[Black "Lelchuk, Zoja"]
[Result "1/2-1/2"]
[WhiteElo "2460"]
[BlackElo "2335"]

1.d4 Nf6 2.c4 e6 3.Nf3 d5 4.g3 dxc4 5.Bg2 Bb4+ 6.Nc3 O-O 7.O-O Bd7
8.Ne5 Bc6 9.e4 a6 10.f4 b5 11.a3 Ba5 12.Nxc6 Nxc6 13.e5 Bxc3 14.bxc3 Nd5
15.Bd2 Na5 16.f5 exf5 17.Rxf5 Nb3 18.Ra2 c5 19.Qf3 Ne7 20.Bg5 Nxd4
21.cxd4 Qxd4+ 22.Rf2 Nxf5 23.Qxf5 Rac8 24.Bf6 Qe3 25.Be4 g6 26.Qg4 h5
27.Qf4 Qxf4 28.gxf4 b4 29.f5 1/2-1/2

[Event "?"]
[Site "Berliner Sommer"]
[Date "1995.??.??"]
[Round "?"]
[White "Muse, Mladen"]
[Black "Ulibin, Mikhail"]
[Result "1/2-1/2"]
[WhiteElo "2445"]
[BlackElo "2545"]

1.d4 e6 2.c4 f5 3.g3 Nf6 4.Bg2 c6 5.Nf3 d5 6.O-O Bd6 7.b3 Qe7 8.Bb2 O-O
9.Qc1 b5 10.Ba3 bxc4 11.bxc4 Ba6 12.Bxd6 Qxd6 13.Qa3 Qxa3 14.Nxa3 Nbd7
15.Rfc1 Rfc8 16.Rc2 Kf8 17.e3 Ke7 18.Rac1 Rab8 19.Bf1 Bb7 20.Nd2 Ne4
21.Nb3 c5 22.cxd5 Bxd5 23.Nxc5 Nexc5 24.dxc5 Be4 25.Rd2 Nxc5 26.f3 Bb7
27.Nb5 Nd7 28.Rxc8 Rxc8 1/2-1/2

[Event "?"]
[Site "Berliner Sommer"]
[Date "1995.??.??"]
[Round "?"]
[White "Berelovich, Aleksandar"]
[Black "Mayr Klaus Dr"]
[Result "1-0"]
[WhiteElo "2455"]
[BlackElo "2325"]

1.e4 c5 2.c3 d5 3.exd5 Qxd5 4.d4 Nc6 5.Nf3 Bg4 6.Be2 cxd4 7.cxd4 e6
8.h3 Bh5 9.O-O Nf6 10.Nc3 Qa5 11.Be3 Be7 12.a3 Nd5 13.Qb3 Qb6
14.Qxb6 Nxb6 15.g4 Bg6 16.Ne5 O-O 17.Rac1 f6 18.Nxc6 bxc6 19.Ba6 f5
20.f3 Nd5 21.Nxd5 cxd5 22.Rc6 Bf7 23.Rfc1 Bd8 24.Kg2 fxg4 25.hxg4 Bb6
26.Bg1 h5 27.Bc8 hxg4 28.fxg4 Re8 29.g5 Re7 30.Re1 Bd8 31.Bh2 Re8
32.Bb7 Bxg5 33.Bxa8 Rxa8 34.Be5 a5 35.Rf1 Ra7 36.Rc8+ Kh7 37.Rc7 Rxc7
38.Bxc7 Bg6 39.Bxa5 Be4+ 40.Kg3 Be3 41.Bc3 g5 42.a4 e5 43.dxe5 d4
44.Bb4 Bf4+ 45.Rxf4 gxf4+ 46.Kxf4 Bc6 47.a5 Kg6 48.e6 Kf6 49.e7 Ke6
50.a6 Kd7 51.a7 Ba8 52.Ke5 d3 53.Kf6 Ke8 54.Ke6 1-0

[Event "?"]
[Site "Berliner Sommer"]
[Date "1995.??.??"]
[Round "?"]
[White "Rogic, Davor"]
[Black "Kadimova, Ilaha"]
[Result "1-0"]
[WhiteElo "2435"]
[BlackElo "2305"]

1.e4 e5 2.Nf3 Nc6 3.Bb5 a6 4.Ba4 Nf6 5.d4 exd4 6.O-O Be7 7.e5 Ne4
8.Nxd4 Nxd4 9.Qxd4 Nc5 10.Nc3 O-O 11.Bg5 Bxg5 12.Qxc5 Bf4 13.Nd5 d6
14.Qxc7 Bxe5 15.Qxd8 Rxd8 16.c3 g6 17.f4 Bg7 18.Rfe1 Kf8 19.Nb6 Rb8
20.Bb3 Bh6 21.g3 Bf5 22.Kf2 g5 23.Kf3 gxf4 24.gxf4 Bg7 25.Rad1 h5
26.Kg3 Bg4 27.Rd3 Re8 28.Rde3 Rxe3+ 29.Rxe3 Bf6 30.Bd5 Bd8 31.Nc4 Bc7
32.Re1 b5 33.Ne3 Re8 34.Bf3 Bb6 35.Ng2 Rxe1 36.Nxe1 Be6 37.Nc2 Bxa2
38.Nb4 Bc4 39.Nxa6 Be3 40.Nc7 h4+ 41.Kg4 Bb6 42.Nd5 Bxd5 43.Bxd5 Be3
44.Bc6 Bc1 45.b3 Bd2 46.Bxb5 Be1 47.Bc4 Bxc3 48.Kxh4 Kg7 49.Kg5 Bf6+
50.Kf5 Bc3 51.h4 Be1 52.h5 Bd2 53.Kg5 f6+ 54.Kf5 Kh6 55.Kg4 Bb4
56.Bf7 Bd2 57.f5 Ba5 58.Kf4 d5 59.Ke3 Kg5 60.Kd4 Bd2 61.Bg6 Kh6
62.Kxd5 Kg7 63.Kc4 Kf8 64.b4 Ke7 65.Kc5 Kd7 1-0